Raleo de frutos en duraznero /

Guardado en:
Autor Principal: Wouters, Oscar D.
Formato: Libro
Idioma:Spanish
Publicado: Mendoza : INTA. Centro Regional Andino, 1969.
Series:Circular ; nº 25
Etiquetas: Agregar Etiqueta
Sin Etiquetas, Sea el primero en etiquetar este registro!
LEADER 00465nam a22001455a 4500
001 EEA.libagro004516
005 20181114091908.0
008 130809s1969####ag#a##########000#0#spa#d
082 0 4 |a 634.25 
100 1 |a Wouters, Oscar D. 
245 1 0 |a Raleo de frutos en duraznero /  |c Oscar D. Wouters. 
260 |a Mendoza :  |b INTA. Centro Regional Andino,  |c 1969. 
300 |a 11 p. :  |b il. ;  |c 27 cm. 
490 1 |a Circular ;  |v nº 25 
859 |a AR-BbBCA  |b BIB. AGRONOMIA  |h 634.25  |i W938  |p 1991/1761